00298nam a2200121Ia 4500008004100000041000900041082001700050100002200067245003300089260003700122300000900159650000800168230718s9999 xx 000 0 und d aEng. a34505bHAN-T aHanif.Prof.Dr.C.M 4aThe criminal Proceducer 1898 aPakistanbLahore law timesc2003 a1320 aLaw